000 00589cam a2200205ua 4500
001 6897
005 20260515114126.0
008 140307n ii |||gr||||Z||||||eng
040 _cMAIN
082 _a651
245 _aSecretarial practice and office management :
_b
_cBy Y.K. Bhushan .
250 _bVolume I.
260 _aBombay:
_bSomaiya publications pvt ltd.,
_c1971.
300 _aviii,361p.
653 _aOffice services
653 _aSecretarial practice and office management :
700 _aBhushan,Y.K.,
_eAuthor.,
700 _aMittal,Ashok k.,
_eAuthor.
942 _cBK
999 _c6038
_d6038